• 首页
  • 本馆介绍
  • 公告通知
  • 最新文献
  • 馆藏检索
  • 电子资源
  • 读者导购
  • 参考咨询
  • 我的图书馆
  • 登录
  • 详细信息显示
  • 放入我的书架
  • 预约/预借图书
  • 作者相关作品
  • 分类相关作品
  • 丛书相关作品
  • 出版社相关作品

书目信息

  • 表格格式
  • 工作单格式
  • 卡片格式
题名:
电子整机装配工艺
    
 
作者: 费小平 主编
分册:  
出版信息: 北京   电子工业出版社  2009.12
页数: 285页
开本: 26cm
丛书名:
单 册:
中图分类: TN05
科图分类:
主题词: 电子设备--生产工艺 , 电子设备
电子资源:
ISBN: 978-7-121-04661-2
000 00638nam0 2200217 450
001 1138029740
005 20110610103629.31
010    @a978-7-121-04661-2@dCNY25.50
100    @a20110610d2009 km y0chiy0120 ea
101 0  @achi
102    @aCN@b110000
200 1  @a电子整机装配工艺@Adian zi zheng ji zhuang pei gong yi@f费小平主编@Ffei xiao ping zhu bian
210    @a北京@c电子工业出版社@d2009.12
215    @a285页@d26cm
300    @a中等职业教育国家规划教材
606 0  @a电子设备@x生产工艺
606 0  @a电子设备
690    @aTN05@v5
701  0 @a费小平@Afei xiao ping@4主编
801  0 @aCN@bNISOFT@c20110610
905    @aBZT@dTN05@e2
    
    电子整机装配工艺/费小平主编.-北京:电子工业出版社,2009.12
    285页;26cm
    中等职业教育国家规划教材
    
    ISBN 978-7-121-04661-2:CNY25.50
    
●
相关链接 在五车中查询图书 在当当中查询图书 在豆瓣中查询图书


正题名:电子整机装配工艺     索取号:TN05/2         预约/预借

序号 登录号 条形码 馆藏地/架位号 状态 备注
1 791415   2000791415   样本书库/样003架B面1层1列/ [索取号:TN05/2] 在馆    
2 791416   2000791416   中心书库中库/ 中库029架A面7列5层39/ [索取号:TN05/2] 在馆    
3 791417   2000791417   中心书库中库/ 中库029架A面7列5层40/ [索取号:TN05/2] 在馆    
4 791418   2000791418   中心书库中库/ 中库029架A面7列5层41/ [索取号:TN05/2] 在馆    
5 791419   2000791419   中心书库中库/ 中库029架A面7列5层42/ [索取号:TN05/2] 在馆    
6 791420   2000791420   中心书库中库/ 中库029架A面7列5层43/ [索取号:TN05/2] 在馆    
山东省滨州职业学院图书馆 欢迎您!
大连网信软件有限公司© 版权所有